000 00549nam a2200193Ia 4500
005 20250923145350.0
008 008 250917s9999 xx 000 0 eng d
037 _aTextual
040 _aDSWL
_beng
_cDSWL
041 _aeng
_2eng
084 _aY12:4x, N
_qDSWL
245 0 _aAdolescence : The crises of adjustment
_c Ed.by Simon Meyerson
260 _aLondon
_bGeorge Allen and Unwin Ltd.
_c1975
300 _a189 p.
365 _aINR
_b2 . 35
925 _g2 . 35
942 _cTEXL
_hY12:4x, N
999 _c1450505
_d1450505